000 00454pab a2200169 454500
008 180718b2009 xxu||||| |||| 00| 0 eng d
100 _aJagannathan, Srinath
245 _aUnderstanding Indian trade union existence in the Zeitgeist of the global
260 _c2009
300 _ap.181094.
362 _aOct
650 _aTrade unions
700 _aRoy, Kaushik
773 _aIndian Journal of Industrial Relations
908 _aN
909 _a85334
999 _c85334
_d85334